ბათუმის შოთა რუსთაველის სახელმწიფო უნივერსიტეტის ბიბლიოთეკა

რუკების ძალა : (ბიბ.ჩანაწერი № 50324)

000 -ლიდერი
ფიქსირებული სიგრძის საკონტროლო ველი 01782nam a2200277Ia 4500
001 - საკონტროლო ნომერი
საკონტროლო ველი 17265
003 - საკონტროლო ნომრის იდენტიფიკატორი
საკონტროლო ველი GE_BSU
005 - ბოლო ოპერაციის თარიღი და დრო
საკონტროლო ველი 20200210121616.0
008 - ფიქსირებული სიგრძის მონაცემთა ელემენტები - ზოგადი ინფორმაცია
ფიქსირებული სიგრძის საკონტროლო ველი 181216s2013ge xx |||||||||||||| ||geo||
020 ## - წიგნის საერთაშორისო სტანდარტული ნომერი
International Standard Book Number 9789941436970
040 ## - კატალოგიზაციის წყარო
Transcribing agency GE_BSU
041 ## - ენის კოდი
Language code of text/sound track or separate title geo
080 ## - უნივერსალური ათობითი კლასიფიკაციის ინდექსი
Universal Decimal Classification number 1(479) თ-15
100 ## - მთავარი ჩანაწერი - პიროვნების სახელი
Personal name თავაძე,გიორგი.
9 (RLIN) 6923
245 ## - ცნობა სათაურის შესახებ
Title რუკების ძალა :
Remainder of title გელათი და "კავკასიური ფილოსოფიის" ცნება ინტერკულტურული ფილოსოფიის ჭრილში = The power of maps, Gelati and the concept of caucasian philosophy in the context of intercultural philosophy /
Statement of responsibility, etc რედ.-გამომც : თენგიზ ირემაძე ; ჰელმუტ შნაიდერი.
250 ## - გამოცემის ცნობა
Edition statement I-ლი გამოცემა.
264 ## - წარმოების, გამოცემის, დისტრიბუციის და სხვა ცნობები
გამოცემის, წარმოების, დისტრიბუციის... ადგილი თბილისი :
გამოცემის, წარმოების, დისტრიბუციის... სახელწოდება ნეკერი,
გამოცემის, წარმოების, დისტრიბუციის... თარიღი 2013.
300 ## - ფიზიკური აღწერა
Extent 52 გვ .:
Other physical details + 2 ჩართ. ფ. რუკ. ;
Dimensions 14 სმ.
440 ## - სერიის ცნობა / დამატებულია ჩანაწერი - სათაური
Title აღმოსავლეთი და დასავლეთი - კულტურათა დიალოგი
9 (RLIN) 6939
653 ## - INDEX TERM--UNCONTROLLED
Uncontrolled term კულტურის ფილოსოფია;კარტოგრაფია
653 ## - INDEX TERM--UNCONTROLLED
Uncontrolled term ფილოსოფია.
700 ## - ADDED ENTRY--PERSONAL NAME
Personal name ირემაძე, თენგიზ
Relator term რედაქტორ გამომცემელი
9 (RLIN) 2229
700 ## - ADDED ENTRY--PERSONAL NAME
Personal name შნაიდერი, ჰელმუტ
Relator term რედაქტორ გამომცემელი
9 (RLIN) 6924
710 ## - ADDED ENTRY--CORPORATE NAME
Relator term გრ. რობაქიძის სახ. უნ-ტი, ფილოს. და სოციალ. მეცნ. კვლევითი ინ-ტი
9 (RLIN) 6940
942 ## - ADDED ENTRY ELEMENTS (KOHA)
Koha item type წიგნი
Source of classification or shelving scheme
ეგზემპლარები
ჩამოწერის სტატუსი დაკარგული ეგზემპლარის სტატუსი კლასიფიკაციის წყარო ან თაროზე გაწყობის სქემა დაზიანების სტატუსი არ გაიცემა მუდმივი მდებარეობა (დაცვის ადგილი) ამჟამინდელი ადგილსამყოფელი თაროზე განთავსების ადგილი შეძენის თარიღი სრული შენახვის შიფრი შტრიხკოდი ბოლო ოპერაციის თარიღი ეგზემპლარის მიმდევრობითი ნომერი (კეტერი?) ფასის ძალაში შესვლის თარიღი ეგზემპლარის სახეობა
          ბათუმის შოთა რუსთაველის სახელმწიფო უნივერსიტეტის მთავარი ბიბლიოთეკა ბათუმის შოთა რუსთაველის სახელმწიფო უნივერსიტეტის მთავარი ბიბლიოთეკა წიგნსაცავი 2018-12-17 1(479) თ-15 45352 2018-12-17 45352 2018-12-17 წიგნი
          ბათუმის შოთა რუსთაველის სახელმწიფო უნივერსიტეტის მთავარი ბიბლიოთეკა ბათუმის შოთა რუსთაველის სახელმწიფო უნივერსიტეტის მთავარი ბიბლიოთეკა წიგნსაცავი 2018-12-17 1(479) თ-15 45353 2018-12-17 45353 2018-12-17 წიგნი